LEADER 01783nam 2200613 450 001 9910781029203321 005 20200520144314.0 010 $a1-68015-386-2 010 $a1-904445-95-0 035 $a(CKB)2550000000011799 035 $a(OCoLC)889304418 035 $a(CaPaEBR)ebrary10904603 035 $a(SSID)ssj0000829058 035 $a(PQKBManifestationID)11435908 035 $a(PQKBTitleCode)TC0000829058 035 $a(PQKBWorkID)10762311 035 $a(PQKB)11475625 035 $a(MiAaPQ)EBC3417308 035 $a(Au-PeEL)EBL3417308 035 $a(CaPaEBR)ebr10904603 035 $a(CaONFJC)MIL578315 035 $a(OCoLC)923517476 035 $a(PPN)220188521 035 $a(EXLCZ)992550000000011799 100 $a20140810h20122012 uy 0 101 0 $aeng 135 $aurcnu|||||||| 181 $ctxt 182 $cc 183 $acr 200 10$aCores and core logging for geoscientists /$fGraham A. Blackbourn 205 $aSecond edition. 210 1$aCaithness, Scotland :$cWhittles Publishing,$d2012. 210 4$d©2012 215 $a1 online resource (172 p.) 300 $aBibliographic Level Mode of Issuance: Monograph 311 $a1-84995-067-9 311 $a1-904445-39-X 320 $aIncludes bibliographical references and index. 606 $aCore drilling 606 $aDrill core analysis 606 $aPetroleum$xGeology 615 0$aCore drilling. 615 0$aDrill core analysis. 615 0$aPetroleum$xGeology. 676 $a622.338028 700 $aBlackbourn$b Graham A.$01516551 801 0$bMiAaPQ 801 1$bMiAaPQ 801 2$bMiAaPQ 906 $aBOOK 912 $a9910781029203321 996 $aCores and core logging for geoscientists$93753098 997 $aUNINA LEADER 03858nam 2200637 450 001 9910822710903321 005 20200917021826.0 010 $a3-11-046971-5 010 $a3-11-046985-5 024 7 $a10.1515/9783110469851 035 $a(CKB)3710000000656198 035 $a(EBL)4517763 035 $a(DE-B1597)463061 035 $a(OCoLC)951147017 035 $a(DE-B1597)9783110469851 035 $a(Au-PeEL)EBL4517763 035 $a(CaPaEBR)ebr11209851 035 $a(CaONFJC)MIL919717 035 $a(OCoLC)949882913 035 $a(MiAaPQ)EBC4517763 035 $a(PPN)202113620 035 $a(EXLCZ)993710000000656198 100 $a20160523h20162016 uy 0 101 0 $ager 135 $aur|n|---||||| 181 $2rdacontent 182 $2rdamedia 183 $2rdacarrier 200 00$aKoinotation Doron $edas spa?te Byzanz zwischen machtlosigkeit und kultureller Blu?te (1204- 1461) /$fherausgegeben von Albrecht Berger [and three others] 210 1$aBerlin, [Germany] ;$aBoston, [Massachusetts] :$cDe Gruyter,$d2016. 210 4$d©2016 215 $a1 online resource (248 p.) 225 1 $aByzantinisches Archiv,$x1864-9785 ;$vBand 31 300 $aDescription based upon print version of record. 311 $a3-11-046986-3 311 $a3-11-046953-7 327 $tFrontmatter -- $tVorwort -- $tTabula Gratulatoria -- $tInhalt -- $tNikephoros Kallistu Xanthopulos und die jüdische Geschichte -- $tAtoumès, un nouveau traducteur byzantin de Thomas d?Aquin -- $tAn der Quelle: Libanios als Vorbild spätbyzantinischer Epistolographen -- $tPisan presence and trade in later Byzantium -- $t?Gesegnete Griechen? ? ?verfluchte Griechen? in syrischen Kolophonen -- $tByzanz und seine Rolle als urbs humana im Welttheater des Spätmittelalters -- $tBeobachtungen zu den patristischen Corpora in der Schenkung des Johannes Kantakuzenos an das Kloster Vatopedi und ihren Vorlagen -- $tPlotinus in the Phlorentios of Nikephoros Gregoras -- $tSpätbyzantinische Begrifflichkeiten II: Die Stadtgouverneure von Konstantinopel -- $tWeder Klostomalles noch Babiskomites: Beobachtungen zur Schreiberhand von DR 2684 und DR 2775 -- $tZu Sklaven und Sklavinnen im Spiegel des Prosopographischen Lexikons der Palaiologenzeit -- $tWie lange lebte Manuel Philes? -- $tTheodoros Xanthopulos, Theodoros Metochites und die spätbyzantinische Gelehrtenkultur -- $tAgricultural properties in Palaiologan Constantinople -- $tZu der Konstantinos Akropolites zugeschriebenen Chronik -- $tPublikationen von Franz Tinnefeld 330 $aThe late Byzantine age, from the conquest of Constantinople by the Crusaders in 1204 to the fall of the last independent Greek territories to the Ottomans in 1461, was not only a period of political decline, but also of intensive cultural activity. The essays assembled in this volume discuss the works and lives of various authors (Nikephoros and Theodoros Xanthopoulos, Theodoros Metochites, Nikephoros Gregoras and Manuel Philes), they investigate issues such as ancient Greek and contemporary Western influences on the literary production, and discuss themes of material culture and, with a clear focus on Constantinople, of social, administrative and economical history. 410 0$aByzantinisches Archiv ;$vBand 31. 606 $aByzantine literature 606 $aCivilization$xHistory 607 $aByzantine Empire$xCivilization$y1081-1453 610 $aByzantine culture. 610 $aByzantine history. 610 $aByzantine literature. 615 0$aByzantine literature. 615 0$aCivilization$xHistory. 676 $a914.9503 702 $aBerger$b Albrecht 801 0$bMiAaPQ 801 1$bMiAaPQ 801 2$bMiAaPQ 906 $aBOOK 912 $a9910822710903321 996 $aKoinotation Doron$92711321 997 $aUNINA